00474nam a2200169 a 4500001001300000003000900013005001700022008004100039020002300080082001500103100001900118245006900137260004000206300000900246500003500255650001400290nice12345678IN_TiNIC20260116014523.0100217s2007 dela grp 000 0 eng  a9788187358367c79500a322.1bVRI aVries, Hent De aPolitical Theilogiesb Pu Blic Religions in a Post-Secular World aDelhi bSocial Science Press c2007 a359p aincludes index and biblioraphy aReligious